[Event "Quebec-ch inv."]
[Site "Montreal CAN"]
[Date "2002.06.18"]
[Round "4"]
[White "Voskanyan, Vahagn"]
[Black "Cuartas, Carlos"]
[Result "1-0"]
[WhiteElo "2315"]
[BlackElo "2307"]
[PlyCount "59"]
[EventDate "2002.06.15"]
[EventType "tourn"]
[EventRounds "9"]
[EventCountry "CAN"]
[EventCategory "6"]

1. e4 e6 2. d4 d5 3. Nc3 Bb4 4. Bd3 dxe4 5. Bxe4 Nf6 6. Bf3 O-O 7. Nge2 Nbd7 8.
O-O e5 9. Ng3 Re8 10. a3 exd4 11. axb4 dxc3 12. bxc3 Ne5 13. Be3 Nxf3+ 14. Qxf3
Qd5 15. Qf4 Qc6 16. Bd4 Nd5 17. Qf3 Ne7 18. Qd3 b6 19. Rfe1 Bb7 20. f3 Ng6 21.
Qd2 Rxe1+ 22. Rxe1 Re8 23. Rxe8+ Qxe8 24. Nh5 Qd8 25. Nxg7 c5 26. Nh5 Qh4 27.
Nf6+ Kg7 28. g3 Qh3 29. Nh5+ Kf8 30. Bxc5+ 1-0

[Event "Quebec-ch inv."]
[Site "Montreal CAN"]
[Date "2002.06.20"]
[Round "5"]
[White "Cuartas, Carlos"]
[Black "Linskiy, Oleg"]
[Result "1/2-1/2"]
[WhiteElo "2307"]
[BlackElo "2417"]
[PlyCount "50"]
[EventDate "2002.06.15"]
[EventType "tourn"]
[EventRounds "9"]
[EventCountry "CAN"]
[EventCategory "6"]

1. e4 e6 2. d4 d5 3. e5 c5 4. c3 Nc6 5. Nf3 Bd7 6. Be2 Nge7 7. O-O Ng6 8. Re1
Be7 9. Bf1 O-O 10. dxc5 Bxc5 11. b4 Be7 12. Bd3 Rc8 13. Nbd2 f6 14. Bxg6 hxg6
15. exf6 Bxf6 16. Bb2 Nxb4 17. Qb1 Nc6 18. Qxg6 e5 19. c4 Ne7 20. Qh5 Be8 21.
Qg4 Bd7 22. Qh5 Be8 23. Qg4 Bd7 24. Qh5 Be8 25. Qg4 Bd7 1/2-1/2

[Event "Quebec-ch inv."]
[Site "Montreal CAN"]
[Date "2002.06.20"]
[Round "5"]
[White "Lazarev, Vladimir"]
[Black "Voskanyan, Vahagn"]
[Result "1-0"]
[WhiteElo "2449"]
[BlackElo "2315"]
[PlyCount "67"]
[EventDate "2002.06.15"]
[EventType "tourn"]
[EventRounds "9"]
[EventCountry "CAN"]
[EventCategory "6"]

1. d4 d5 2. c4 c6 3. Nc3 Nf6 4. e3 g6 5. Bd3 Bg7 6. Qc2 O-O 7. Nf3 Nbd7 8. O-O
a6 9. b3 Re8 10. Rd1 b5 11. Bb2 bxc4 12. bxc4 dxc4 13. Bxc4 Nb6 14. Be2 Nfd5
15. h3 a5 16. Rac1 Ba6 17. Bxa6 Rxa6 18. Qe2 Qa8 19. Ne4 Nd7 20. Ne5 Nxe5 21.
dxe5 Rb6 22. Bd4 Rbb8 23. Nc5 Red8 24. e6 f5 25. Bxg7 Kxg7 26. Nd7 Rb5 27. Qc2
Nf6 28. Qc3 Rd5 29. Rxd5 cxd5 30. Nxf6 exf6 31. Qc7+ Kh6 32. Qf4+ g5 33. Qxf5
Rf8 34. Rc7 1-0

[Event "Quebec-ch inv."]
[Site "Montreal CAN"]
[Date "2002.06.21"]
[Round "6"]
[White "Linskiy, Oleg"]
[Black "Lazarev, Vladimir"]
[Result "1/2-1/2"]
[WhiteElo "2417"]
[BlackElo "2449"]
[PlyCount "24"]
[EventDate "2002.06.15"]
[EventType "tourn"]
[EventRounds "9"]
[EventCountry "CAN"]
[EventCategory "6"]

1. c4 c5 2. Nf3 g6 3. e4 Bg7 4. d4 Qa5+ 5. Nc3 Nc6 6. d5 Nd4 7. Bd2 Nxf3+ 8.
Qxf3 d6 9. Bd3 Nf6 10. Qd1 O-O 11. O-O a6 12. a3 Qc7 1/2-1/2

[Event "Quebec-ch inv."]
[Site "Montreal CAN"]
[Date "2002.06.22"]
[Round "7"]
[White "Cuartas, Carlos"]
[Black "Barbeau, Sylvain"]
[Result "1/2-1/2"]
[WhiteElo "2307"]
[BlackElo "2397"]
[PlyCount "122"]
[EventDate "2002.06.15"]
[EventType "tourn"]
[EventRounds "9"]
[EventCountry "CAN"]
[EventCategory "6"]

1. e4 e5 2. Nc3 Nf6 3. f4 d5 4. fxe5 Nxe4 5. Qf3 Nc6 6. Bb5 Nxc3 7. bxc3 Be7 8.
d4 Be6 9. Nh3 Bh4+ 10. Nf2 O-O 11. Bd3 f6 12. g3 fxe5 13. Qh5 e4 14. Qxh4 Qxh4
15. gxh4 exd3 16. cxd3 Rf3 17. Ke2 Raf8 18. Be3 Ne7 19. Rhg1 R3f7 20. Ng4 Bxg4+
21. Rxg4 Nf5 22. Bf2 Rf6 23. Rb1 Ra6 24. Rb2 Rff6 25. Rf4 g6 26. Rxb7 Rxa2+ 27.
Kf3 Rf7 28. Rb5 Rd7 29. h5 Rd2 30. hxg6 hxg6 31. Kg4 Rxd3 32. Rc5 Kg7 33. Rf3
Rd2 34. Bg3 Nxg3 35. hxg3 Rb2 36. Re3 Rb6 37. Re5 Rbd6 38. Kg5 Kf7 39. g4 c6
40. Ra5 Rc7 41. Ra6 Rf6 42. Rxd5 cxd5 43. Rxf6+ Ke7 44. Kxg6 Rxc3 45. Rf7+ Ke6
46. Rf6+ Ke7 47. Rf5 Ke6 48. g5 Rd3 49. Rf6+ Ke7 50. Rf4 a5 51. Kg7 a4 52. g6
a3 53. Rf7+ Ke6 54. Rf6+ Ke7 55. Ra6 Rxd4 56. Rxa3 Ke6 57. Rh3 Rg4 58. Kh7 d4
59. g7 Kd5 60. g8=Q+ Rxg8 61. Kxg8 Ke4 1/2-1/2

[Event "Quebec-ch inv."]
[Site "Montreal CAN"]
[Date "2002.06.24"]
[Round "8"]
[White "Cuartas, Carlos"]
[Black "Lazarev, Vladimir"]
[Result "0-1"]
[WhiteElo "2307"]
[BlackElo "2449"]
[PlyCount "124"]
[EventDate "2002.06.15"]
[EventType "tourn"]
[EventRounds "9"]
[EventCountry "CAN"]
[EventCategory "6"]
[Source "Mark Crowther"]
[SourceDate "2002.07.01"]

1. e4 c5 2. Nf3 Nc6 3. Bb5 e6 4. Bxc6 bxc6 5. O-O Ne7 6. b3 Ng6 7. Bb2 f6 8. d4
cxd4 9. Nxd4 Qc7 10. Qh5 c5 11. Nf5 Qf4 12. Nc3 Bb7 13. g3 Qg5 14. Qxg5 fxg5
15. Ne3 Be7 16. Rad1 Ba6 17. Rfe1 Bf6 18. Rd6 Bb7 19. Nc4 Ne5 20. Nxe5 Bxe5 21.
Rd2 d6 22. Na4 Bxb2 23. Nxb2 O-O-O 24. f3 Rhf8 25. Kg2 Rf7 26. Nc4 Kc7 27. Red1
d5 28. c3 Rff8 29. Ne5 h6 30. exd5 exd5 31. Re1 Rde8 32. Nd3 Rxe1 33. Nxe1 a5
34. Kf2 g4 35. f4 g5 36. Nd3 Kd6 37. Ke3 Ba6 38. Ne5 gxf4+ 39. gxf4 h5 40. Nc4+
Bxc4 41. bxc4 Rf5 42. cxd5 Rxd5 43. Rb2 c4 44. Ke4 Rd3 45. Rb6+ Kc5 46. Ra6 Kb5
47. Rh6 Rxc3 48. Rxh5+ Kb4 49. Rh8 Rc2 50. f5 Rxa2 51. f6 Rf2 52. Rb8+ Ka3 53.
Ke5 c3 54. Ke6 c2 55. Rc8 Rxh2 56. f7 Re2+ 57. Kd6 Rf2 58. Ke7 Kb2 59. Rb8+ Kc1
60. f8=Q Rxf8 61. Rxf8 g3 62. Rg8 Kb2 0-1

[Event "Quebec-ch inv."]
[Site "Montreal CAN"]
[Date "2002.06.24"]
[Round "8"]
[White "Linskiy, Oleg"]
[Black "Times, Jerald"]
[Result "1-0"]
[WhiteElo "2417"]
[BlackElo "2359"]
[PlyCount "77"]
[EventDate "2002.06.15"]
[EventType "tourn"]
[EventRounds "9"]
[EventCountry "CAN"]
[EventCategory "6"]
[Source "Mark Crowther"]
[SourceDate "2002.07.01"]

1. e4 c6 2. d4 d5 3. exd5 cxd5 4. c4 Nf6 5. Nc3 Nc6 6. Bg5 Qa5 7. Bxf6 exf6 8.
a3 Be6 9. c5 a6 10. b4 Qc7 11. Nge2 g6 12. g3 Bh6 13. Bg2 Rd8 14. O-O O-O 15.
h3 f5 16. f4 Bg7 17. Qd3 Kh8 18. Rad1 Ne7 19. b5 Qa5 20. Rb1 Ng8 21. b6 Nf6 22.
Qd2 Bd7 23. Nc1 Bb5 24. Rd1 Bc4 25. Rb4 Bb5 26. Qb2 Ne4 27. Nb3 Nxc3 28. Qxc3
Qxa3 29. Ra1 Qxa1+ 30. Nxa1 Rfe8 31. Nc2 Re7 32. Bf1 Bc6 33. Rb1 Rde8 34. Re1
Rxe1 35. Nxe1 Re4 36. Nf3 f6 37. Nd2 Re6 38. Nb3 g5 39. Na5 1-0

[Event "Quebec-ch inv."]
[Site "Montreal CAN"]
[Date "2002.06.25"]
[Round "9"]
[White "Lazarev, Vladimir"]
[Black "Barbeau, Sylvain"]
[Result "1/2-1/2"]
[WhiteElo "2449"]
[BlackElo "2397"]
[PlyCount "29"]
[EventDate "2002.06.15"]
[EventType "tourn"]
[EventRounds "9"]
[EventCountry "CAN"]
[EventCategory "6"]
[Source "Mark Crowther"]
[SourceDate "2002.07.01"]

1. d4 Nf6 2. c4 g6 3. Nc3 d5 4. Nf3 Bg7 5. cxd5 Nxd5 6. Bd2 O-O 7. Rc1 Nb6 8.
Bg5 h6 9. Bh4 g5 10. Bg3 c5 11. Nb5 Na6 12. e3 cxd4 13. Nfxd4 e5 14. Nf3 Qe7
15. Qd6 1/2-1/2

[Event "Quebec-ch qual"]
[Site "Sherbrooke CAN"]
[Date "2002.02.02"]
[Round "1"]
[White "Liard, Serge"]
[Black "Tisseur, Daniel"]
[Result "1/2-1/2"]
[WhiteElo "1936"]
[BlackElo "1892"]
[PlyCount "80"]
[EventDate "2002.02.06"]
[EventType "tourn"]
[EventRounds "6"]
[EventCountry "CAN"]

1. e4 c5 2. Nf3 Nc6 3. c4 g6 4. g3 Bg7 5. Bg2 d6 6. h3 Be6 7. d3 Qd7 8. Ng5 h6
9. Nxe6 fxe6 10. Nc3 Nf6 11. Be3 O-O 12. O-O a6 13. Rc1 Rab8 14. f4 b5 15. b3
b4 16. Ne2 a5 17. d4 cxd4 18. Nxd4 Nxd4 19. Bxd4 Nh5 20. Bxg7 Kxg7 21. Qd4+ Kh7
22. Kh2 Qc7 23. e5 Rbd8 24. exd6 exd6 25. Be4 e5 26. Qd3 Rf6 27. f5 g5 28. Bf3
Nxg3 29. Kxg3 e4 30. Qd5 exf3 31. Rce1 h5 32. Rxf3 Rg8 33. Rfe3 Rg7 34. Re6 Qd8
35. Re8 Qb6 36. Qa8 h4+ 37. Kg4 Qd4+ 38. Qe4 Qf2 39. Re3 Qg1+ 40. Kf3 Qf1+
1/2-1/2

[Event "Quebec-ch qual"]
[Site "Sherbrooke CAN"]
[Date "2002.02.02"]
[Round "1"]
[White "Lopez, Jose"]
[Black "Duclos, Alain"]
[Result "1-0"]
[WhiteElo "1700"]
[BlackElo "1708"]
[PlyCount "71"]
[EventDate "2002.02.06"]
[EventType "tourn"]
[EventRounds "6"]
[EventCountry "CAN"]

1. e4 c5 2. Nf3 e6 3. d4 cxd4 4. Nxd4 Nf6 5. Nc3 Nc6 6. Ndb5 d6 7. Bf4 e5 8.
Bg5 a6 9. Bxf6 gxf6 10. Na3 b5 11. Nd5 Be6 12. c3 Bg7 13. Nc2 f5 14. exf5 Bxf5
15. Nce3 Bg6 16. Bd3 e4 17. Bc2 O-O 18. O-O f5 19. Nf4 Qe7 20. Qd5+ Kh8 21.
Nxg6+ hxg6 22. Qxc6 f4 23. Ng4 Qg5 24. f3 e3 25. Qxd6 Kh7 26. Be4 Rad8 27. Qxa6
Rd2 28. Rab1 Rfd8 29. Rfe1 R8d6 30. Qa7 Rd7 31. Qa3 Qh4 32. Qc5 Qd8 33. Qh5+
Kg8 34. Qxg6 R7d6 35. Qh7+ Kf8 36. Qf5+ 1-0

[Event "Quebec-ch qual"]
[Site "Sherbrooke CAN"]
[Date "2002.02.15"]
[Round "2"]
[White "Duclos, Alain"]
[Black "Tisseur, Daniel"]
[Result "0-1"]
[WhiteElo "1708"]
[BlackElo "1892"]
[PlyCount "86"]
[EventDate "2002.02.06"]
[EventType "tourn"]
[EventRounds "6"]
[EventCountry "CAN"]

1. e4 c5 2. Nf3 Nc6 3. d4 cxd4 4. Nxd4 g6 5. c4 Nf6 6. Nc3 d6 7. Be2 Nxd4 8.
Qxd4 Bg7 9. Be3 O-O 10. Qd2 Be6 11. O-O Qa5 12. f3 Rfc8 13. b3 a6 14. Rac1 b5
15. Nd5 Qxd2 16. Bxd2 Nxd5 17. cxd5 Bd4+ 18. Kh1 Bd7 19. Rxc8+ Rxc8 20. Rc1
Rxc1+ 21. Bxc1 Kg7 22. Bd3 f5 23. Bg5 Kf7 24. h3 fxe4 25. fxe4 Bc8 26. Kh2 Bb7
27. Be2 e6 28. Bf3 exd5 29. exd5 Bf6 30. Be3 Be5+ 31. Kg1 Kf6 32. g4 Bc3 33. a4
bxa4 34. bxa4 Ke5 35. Be2 a5 36. Kf1 Bxd5 37. Bh6 Bb4 38. Bd3 Kd4 39. Ke2 Bf3+
40. Kxf3 Kxd3 41. Bg7 d5 42. Be5 Kc4 43. Ke2 Bc3 0-1

[Event "Quebec-ch qual"]
[Site "Sherbrooke CAN"]
[Date "2002.02.15"]
[Round "2"]
[White "Lopez, Jose"]
[Black "Liard, Serge"]
[Result "0-1"]
[WhiteElo "1700"]
[BlackElo "1936"]
[PlyCount "103"]
[EventDate "2002.02.06"]
[EventType "tourn"]
[EventRounds "6"]
[EventCountry "CAN"]

1. e4 e6 2. d4 d5 3. Nc3 Bb4 4. e5 c5 5. f4 Nc6 6. Bb5 Bd7 7. Bxc6 Bxc6 8. Nf3
Ne7 9. a3 Ba5 10. O-O cxd4 11. Ne2 Bb5 12. Nfxd4 Bb6 13. c3 Nf5 14. Re1 Bxe2
15. Rxe2 O-O 16. Kh1 Bxd4 17. cxd4 Qb6 18. Be3 Rac8 19. Bg1 Rc4 20. Rc1 Qa6 21.
Rxc4 dxc4 22. Rd2 Ne7 23. f5 Nxf5 24. d5 exd5 25. Rxd5 Qe6 26. Bf2 b6 27. h3 g6
28. Rd7 Qxe5 29. Rxa7 Qxb2 30. Qg1 Qe5 31. g4 Qe4+ 32. Kh2 Qf4+ 33. Kh1 Qf3+
34. Kh2 Nd6 35. Re7 Nc8 36. Re3 Qc6 37. Qe1 b5 38. Bh4 Nb6 39. Bg3 Nd5 40. Re2
Rc8 41. Qc1 Re8 42. Rf2 c3 43. Rg2 Ne3 44. Rf2 Qc5 45. Kh1 Qd5+ 46. Kh2 Qd3 47.
Bf4 Nd1 48. Rg2 Re2 49. Rxe2 Qxe2+ 50. Kg1 Qf2+ 51. Kh1 c2 52. Bh6 0-1

[Event "Quebec-ch qual"]
[Site "Sherbrooke CAN"]
[Date "2002.02.16"]
[Round "3"]
[White "Liard, Serge"]
[Black "Duclos, Alain"]
[Result "1-0"]
[WhiteElo "1936"]
[BlackElo "1708"]
[PlyCount "123"]
[EventDate "2002.02.06"]
[EventType "tourn"]
[EventRounds "6"]
[EventCountry "CAN"]

1. e4 c5 2. Nf3 e6 3. c4 Nc6 4. Nc3 a6 5. d3 Qc7 6. g3 g6 7. Bg2 Bg7 8. O-O Rb8
9. Bf4 d6 10. Rc1 b5 11. b3 b4 12. Ne2 e5 13. Be3 Nf6 14. h3 Nd4 15. Nfxd4 cxd4
16. Bd2 Qb6 17. f4 O-O 18. g4 Nd7 19. f5 f6 20. fxg6 hxg6 21. g5 Nc5 22. gxf6
Rxf6 23. Bg5 Rxf1+ 24. Bxf1 Bd7 25. Ng3 Rf8 26. Kg2 Qb8 27. Qd2 a5 28. Rb1 Qe8
29. Be2 Ne6 30. Rf1 Rxf1 31. Nxf1 Qf8 32. Nh2 Kh7 33. Bg4 Bh6 34. Bxh6 Qxh6 35.
Qxh6+ Kxh6 36. Bxe6 Bxe6 37. Nf3 Kg7 38. Ne1 Kf6 39. Kg3 Bd7 40. Nf3 Be6 41.
Nd2 Kg5 42. Nf3+ Kf6 43. Nh2 Bd7 44. Nf1 Kg5 45. h4+ Kh5 46. Nd2 Bg4 47. c5
dxc5 48. Nc4 Be2 49. Nxe5 g5 50. hxg5 Kxg5 51. Kf2 Bd1 52. Nd7 Bc2 53. Nxc5 Bb1
54. Ke2 Bxa2 55. Kd2 a4 56. Kc2 Kf4 57. Kb2 axb3 58. Na6 Ke5 59. Nxb4 Kf4 60.
Nc6 Ke3 61. e5 Kxd3 62. e6 1-0

[Event "Quebec-ch qual"]
[Site "Sherbrooke CAN"]
[Date "2002.02.16"]
[Round "3"]
[White "Tisseur, Daniel"]
[Black "Lopez, Jose"]
[Result "1-0"]
[WhiteElo "1892"]
[BlackElo "1700"]
[PlyCount "71"]
[EventDate "2002.02.06"]
[EventType "tourn"]
[EventRounds "6"]
[EventCountry "CAN"]

1. g3 d5 2. Nf3 Nf6 3. Bg2 e6 4. c4 Bd6 5. O-O O-O 6. cxd5 exd5 7. Nc3 c6 8. b3
Nbd7 9. Bb2 Re8 10. Qc2 Ne5 11. Nd4 Qd7 12. e4 Qg4 13. f4 Bc5 14. Na4 Bxd4+ 15.
Bxd4 Ned7 16. e5 Ne4 17. d3 Ng5 18. Bb2 Ne6 19. Qf2 f5 20. exf6 gxf6 21. Rae1
b5 22. f5 Nc7 23. Rxe8+ Nxe8 24. Nc5 Nf8 25. h3 Qg7 26. g4 a5 27. Qd4 Bd7 28.
Bxd5+ Kh8 29. Bg2 Rd8 30. Qe3 Qf7 31. g5 Kg8 32. gxf6 Rc8 33. Qe7 Rc7 34. Rf3
Bc8 35. Rg3+ Kh8 36. Qxe8 1-0

[Event "Quebec-ch qual"]
[Site "Sherbrooke CAN"]
[Date "2002.02.16"]
[Round "4"]
[White "Duclos, Alain"]
[Black "Lopez, Jose"]
[Result "0-1"]
[WhiteElo "1708"]
[BlackElo "1700"]
[PlyCount "90"]
[EventDate "2002.02.06"]
[EventType "tourn"]
[EventRounds "6"]
[EventCountry "CAN"]

1. e4 c5 2. Nf3 d6 3. d4 cxd4 4. Nxd4 Nf6 5. Nc3 a6 6. f3 e5 7. Nb3 Be7 8. Be3
Be6 9. g4 h6 10. Qd2 Nfd7 11. O-O-O Nc6 12. Kb1 b5 13. Rg1 Nb6 14. Bxb6 Qxb6
15. Qg2 Rc8 16. Nd5 Bxd5 17. exd5 Na5 18. Nxa5 Qxa5 19. Qf2 Qc7 20. Bd3 Bg5 21.
h4 Bf4 22. h5 Qc5 23. Qe2 Rb8 24. Rg2 a5 25. Qe4 b4 26. Re2 Kd8 27. Qc4 Qxc4
28. Bxc4 Kd7 29. Bb3 Rhc8 30. Ba4+ Ke7 31. Bc6 Kf6 32. Rd3 Rc7 33. c4 bxc3 34.
Rxc3 Rb4 35. a3 Rd4 36. Rec2 g6 37. hxg6 fxg6 38. Rc4 Rxc4 39. Rxc4 h5 40. gxh5
gxh5 41. Re4 h4 42. Re1 h3 43. b4 axb4 44. axb4 h2 45. b5 Rg7 0-1

[Event "Quebec-ch qual"]
[Site "Sherbrooke CAN"]
[Date "2002.02.16"]
[Round "4"]
[White "Tisseur, Daniel"]
[Black "Liard, Serge"]
[Result "1/2-1/2"]
[WhiteElo "1892"]
[BlackElo "1936"]
[PlyCount "154"]
[EventDate "2002.02.06"]
[EventType "tourn"]
[EventRounds "6"]
[EventCountry "CAN"]

1. e4 e6 2. g3 d5 3. exd5 exd5 4. Bg2 Nf6 5. c4 c6 6. Nc3 dxc4 7. Qe2+ Be6 8.
Nf3 Qd3 9. O-O Qxe2 10. Nxe2 Bc5 11. Nf4 Bd5 12. Re1+ Kf8 13. Nxd5 cxd5 14. b3
cxb3 15. axb3 Nc6 16. d4 Bb4 17. Ba3 Bxa3 18. Rxa3 g6 19. Ne5 Nxd4 20. Ra5 Ne6
21. Bxd5 Nxd5 22. Rxd5 Rd8 23. Rxd8+ Nxd8 24. Rd1 Ke7 25. Re1 Ne6 26. f4 Rd8
27. g4 Kf8 28. f5 gxf5 29. gxf5 Nd4 30. f6 Rd6 31. Re4 Nc6 32. Nxc6 Rxc6 33.
Re7 Rxf6 34. Rxb7 a6 35. b4 Kg7 36. b5 axb5 37. Rxb5 Kg6 38. Kg2 Rf5 39. Rb6+
Kh5 40. Kg3 Rg5+ 41. Kf3 Rf5+ 42. Kg3 f6 43. Rb8 Ra5 44. Rf8 Kg5 45. Rg8+ Kh6
46. Rf8 Kg7 47. Rb8 Ra4 48. Rb7+ Kg6 49. Rb8 Ra3+ 50. Kg2 h5 51. Rg8+ Kh7 52.
Rf8 Kg7 53. Rb8 h4 54. Rb7+ Kg6 55. Rb8 h3+ 56. Kf2 Kg5 57. Rg8+ Kf4 58. Rf8
Ra2+ 59. Kg1 Rg2+ 60. Kh1 Rg6 61. Rh8 Kf3 62. Ra8 Rh6 63. Rf8 Kg4 64. Rg8+ Kf4
65. Rg3 f5 66. Ra3 Rh8 67. Kg1 Kg4 68. Rg3+ Kh4 69. Rf3 Kg5 70. Rg3+ Kf6 71.
Rf3 Ke5 72. Kf2 Ke4 73. Re3+ Kf4 74. Rf3+ Kg4 75. Rg3+ Kh4 76. Rg7 Ra8 77. Kf3
Ra3+ 1/2-1/2

[Event "Quebec-ch qual"]
[Site "Sherbrooke CAN"]
[Date "2002.02.17"]
[Round "5"]
[White "Liard, Serge"]
[Black "Lopez, Jose"]
[Result "1-0"]
[WhiteElo "1936"]
[BlackElo "1700"]
[PlyCount "91"]
[EventDate "2002.02.06"]
[EventType "tourn"]
[EventRounds "6"]
[EventCountry "CAN"]

1. e4 c5 2. Nf3 d6 3. c4 Nf6 4. Nc3 Nc6 5. h3 g6 6. g3 Bg7 7. Bg2 Bd7 8. O-O
O-O 9. d3 Qc8 10. Kh2 h6 11. Be3 Kh7 12. Qd2 Rh8 13. Rac1 Kg8 14. b3 g5 15. Ng1
a5 16. f4 g4 17. h4 Nh5 18. Nge2 Nd4 19. f5 e6 20. fxe6 Nxe6 21. Nf4 Nhxf4 22.
gxf4 Qd8 23. Kg3 Bf6 24. Rh1 Nd4 25. Bxd4 Bxd4 26. Nd5 Be6 27. Ne3 Qd7 28. f5
Be5+ 29. Kf2 Bd4 30. fxe6 fxe6 31. Ke2 Qg7 32. Rcf1 Kh7 33. e5 Rhf8 34. Be4+
Kg8 35. Rxf8+ Rxf8 36. Rf1 Rxf1 37. Kxf1 Bxe5 38. Ng2 g3 39. Qe2 b6 40. Qh5
Qf6+ 41. Qf3 Qg7 42. Ne3 Kh8 43. Kg2 Bd4 44. Nf1 Be5 45. Qh5 Qf6 46. Nxg3 1-0

[Event "Quebec-ch qual"]
[Site "Sherbrooke CAN"]
[Date "2002.02.17"]
[Round "5"]
[White "Tisseur, Daniel"]
[Black "Duclos, Alain"]
[Result "1-0"]
[WhiteElo "1892"]
[BlackElo "1708"]
[PlyCount "99"]
[EventDate "2002.02.06"]
[EventType "tourn"]
[EventRounds "6"]
[EventCountry "CAN"]

1. g3 Nf6 2. Bg2 g6 3. Nf3 Bg7 4. b3 O-O 5. Bb2 d6 6. O-O Nbd7 7. Nc3 e5 8. d4
c6 9. dxe5 dxe5 10. Qd2 Re8 11. Rad1 Qc7 12. Qd6 Qxd6 13. Rxd6 Nf8 14. Ba1 Bf5
15. Rd2 Ne4 16. Nxe4 Bxe4 17. Rfd1 Bf6 18. Ne1 Bxg2 19. Kxg2 Be7 20. Bxe5 Bb4
21. c3 Rxe5 22. cxb4 Rae8 23. e3 Kg7 24. Nd3 R5e7 25. Nc5 h5 26. Nd7 Nh7 27.
Nc5 Nf6 28. Rd3 Nd5 29. b5 b6 30. Na6 Nc7 31. Nxc7 Rxc7 32. bxc6 Rxc6 33. Rd7
Rc2 34. Rxa7 Rxe3 35. Rdd7 Ree2 36. Rxf7+ Kg8 37. h4 Rxa2 38. Rxa2 Rxa2 39. Rb7
Rb2 40. Rxb6 Kf7 41. Kf3 Kg7 42. Rb7+ Kf6 43. b4 Kf5 44. b5 Rb3+ 45. Kg2 Rb2
46. b6 Kf6 47. Rb8 Kg7 48. Kf3 Rb4 49. b7 Kf7 50. Rh8 1-0

[Event "Quebec-ch qual"]
[Site "Sherbrooke CAN"]
[Date "2002.02.17"]
[Round "6"]
[White "Duclos, Alain"]
[Black "Liard, Serge"]
[Result "0-1"]
[WhiteElo "1708"]
[BlackElo "1936"]
[PlyCount "78"]
[EventDate "2002.02.06"]
[EventType "tourn"]
[EventRounds "6"]
[EventCountry "CAN"]

1. e4 e6 2. d4 d5 3. Nc3 Bb4 4. e5 c5 5. a3 Ba5 6. b4 cxd4 7. Nb5 Bc7 8. Nxc7+
Qxc7 9. Nf3 Ne7 10. b5 Ng6 11. Qxd4 Nd7 12. Bb2 Qc5 13. Qd2 Qc7 14. Qd4 Qxc2
15. Bd3 Qc5 16. Qg4 Qc7 17. O-O Ndf8 18. Rac1 Qd8 19. a4 f5 20. exf6 gxf6 21.
Qh5 Qe7 22. Rc3 Bd7 23. Rfc1 Qf7 24. Qh6 Rg8 25. Rc7 Rb8 26. Qe3 Qg7 27. Qxa7
Rd8 28. Bf1 Nf4 29. g3 e5 30. Ba3 N8e6 31. Rxb7 Qg4 32. Ne1 Nd4 33. Qc5 Qe6 34.
Kh1 Nb3 35. Qc2 Nxc1 36. Qxc1 Nh3 37. Nd3 Qf5 38. Qc5 Qf3+ 39. Bg2 Qd1+ 0-1

[Event "Quebec-ch qual"]
[Site "Sherbrooke CAN"]
[Date "2002.02.17"]
[Round "6"]
[White "Lopez, Jose"]
[Black "Tisseur, Daniel"]
[Result "1/2-1/2"]
[WhiteElo "1700"]
[BlackElo "1892"]
[PlyCount "84"]
[EventDate "2002.02.06"]
[EventType "tourn"]
[EventRounds "6"]
[EventCountry "CAN"]

1. e4 c5 2. Nf3 Nc6 3. d4 cxd4 4. Nxd4 g6 5. Nxc6 bxc6 6. Qd4 Nf6 7. e5 Nd5 8.
c4 Nb4 9. Qc3 a5 10. Be2 Bg7 11. O-O d6 12. f4 Bf5 13. Na3 Qb8 14. Qf3 dxe5 15.
fxe5 O-O 16. Bd2 Bxe5 17. h3 Bxb2 18. Bh6 Bd4+ 19. Kh1 Bxa1 20. Bxf8 Kxf8 21.
Rxa1 Qe5 22. Rf1 f6 23. c5 Be4 24. Qf2 Nd3 25. Bxd3 Bxd3 26. Re1 Qc7 27. Qe3
Rd8 28. Qh6+ Kg8 29. Qe3 e5 30. Nb1 Bf5 31. Nd2 Rd3 32. Qf2 Qd7 33. Nf1 Qd4 34.
Qe2 Qxc5 35. Ne3 Rd4 36. Nxf5 gxf5 37. Qh5 Qd6 38. Qxf5 Kg7 39. Qh5 Rf4 40. Rb1
Rb4 41. Rd1 Rd4 42. Rb1 Rb4 1/2-1/2

[Event "Quebec-ch qual. 1"]
[Site "Montreal CAN"]
[Date "2002.04.26"]
[Round "1"]
[White "Hua, Lethyn"]
[Black "Caceres Cortes, Julio"]
[Result "1-0"]
[WhiteElo "1729"]
[BlackElo "2149"]
[PlyCount "125"]
[EventDate "2002.04.26"]
[EventType "swiss"]
[EventRounds "5"]
[EventCountry "CAN"]

1. e4 c5 2. c3 d6 3. d4 Nf6 4. Bd3 Nc6 5. Nf3 Bg4 6. dxc5 d5 7. exd5 Nxd5 8.
Qe2 e6 9. Qe4 Nf6 10. Qe2 Bxc5 11. Bg5 Be7 12. Nbd2 O-O 13. O-O Qd5 14. Rfd1
Rfd8 15. Bxf6 Qxd3 16. Qxd3 Rxd3 17. Bxe7 Nxe7 18. Ne5 Bxd1 19. Nxd3 Be2 20.
Nf4 Rd8 21. Ne4 Bb5 22. b3 Bc6 23. Ng3 e5 24. Nfe2 f5 25. f3 Rd2 26. Kf1 g6 27.
Ke1 Rd8 28. Rd1 Rxd1+ 29. Kxd1 Nd5 30. Kd2 Kg7 31. c4 Nf6 32. Nc3 h5 33. b4 h4
34. Nge2 b6 35. h3 e4 36. Nd4 Bb7 37. c5 bxc5 38. bxc5 exf3 39. gxf3 f4 40. Nd1
Kf7 41. Nf2 Bd5 42. a4 Ke7 43. Nd3 g5 44. Nb4 Bc4 45. Nbc6+ Ke8 46. Nxa7 Nd5
47. Ne6 g4 48. fxg4 f3 49. Ke1 Nc3 50. Nd4 Bd5 51. Kf2 Nd1+ 52. Ke1 f2+ 53. Kf1
Bc4+ 54. Ne2 Kd7 55. Nb5 Kc6 56. Nbd4+ Kxc5 57. a5 Kb4 58. Nf3 Kxa5 59. Nxh4
Kb4 60. Nf3 Kc5 61. g5 Kd5 62. h4 Ke4 63. Nd2+ 1-0

[Event "Quebec-ch qual. 1"]
[Site "Montreal CAN"]
[Date "2002.04.26"]
[Round "1"]
[White "Pitre, Francois"]
[Black "Lemieux, Serge"]
[Result "1-0"]
[WhiteElo "2079"]
[BlackElo "1714"]
[PlyCount "43"]
[EventDate "2002.04.26"]
[EventType "swiss"]
[EventRounds "5"]
[EventCountry "CAN"]

1. d4 Nf6 2. Nf3 d5 3. Nbd2 Nc6 4. e3 g6 5. b3 Bg7 6. Bb2 O-O 7. Be2 Re8 8. O-O
Ng4 9. c4 e5 10. cxd5 Qxd5 11. e4 Qd8 12. d5 Nb8 13. h3 Nh6 14. Nc4 Nd7 15. Qc2
a5 16. Rac1 Ra7 17. Na3 c5 18. dxc6 bxc6 19. Qxc6 Bb7 20. Qc2 Ba6 21. Nb5 Ra8
22. Nc7 1-0

[Event "Quebec-ch qual. 1"]
[Site "Montreal CAN"]
[Date "2002.04.26"]
[Round "1"]
[White "Thibault, Mario"]
[Black "Bouchard, Jean-Marc"]
[Result "0-1"]
[WhiteElo "1703"]
[BlackElo "2029"]
[PlyCount "66"]
[EventDate "2002.04.26"]
[EventType "swiss"]
[EventRounds "5"]
[EventCountry "CAN"]

1. Nf3 b6 2. g3 Bb7 3. d3 Bxf3 4. exf3 d5 5. Bg2 Nf6 6. O-O e6 7. Bg5 h6 8.
Bxf6 Qxf6 9. c3 Bd6 10. Qa4+ c6 11. f4 O-O 12. Nd2 a5 13. Nf3 b5 14. Qc2 Nd7
15. Nd4 Rfc8 16. Rfe1 Rab8 17. Nf3 c5 18. Qe2 c4 19. d4 b4 20. Ne5 Bxe5 21.
fxe5 Qg6 22. Qd1 bxc3 23. bxc3 Rb2 24. Re2 Rcb8 25. Rxb2 Rxb2 26. Qe1 Nb6 27.
Rc1 Qd3 28. a3 Na4 29. Bxd5 exd5 30. e6 fxe6 31. Qxe6+ Kh7 32. Qxd5 Nxc3 33.
Rxc3 Rb1+ 0-1

[Event "Quebec-ch qual. 1"]
[Site "Montreal CAN"]
[Date "2002.04.27"]
[Round "2"]
[White "Bouchard, Jean-Marc"]
[Black "Rainton, Jean-Pierre"]
[Result "1-0"]
[WhiteElo "2029"]
[BlackElo "1316"]
[PlyCount "79"]
[EventDate "2002.04.26"]
[EventType "swiss"]
[EventRounds "5"]
[EventCountry "CAN"]

1. b3 e5 2. Bb2 d6 3. e3 Nc6 4. Ne2 g6 5. d4 Bg7 6. Nd2 Nge7 7. dxe5 dxe5 8.
Nc4 Qxd1+ 9. Rxd1 O-O 10. Nc3 a6 11. a4 f5 12. Be2 Be6 13. Ba3 Rfd8 14. O-O Nd5
15. Nxd5 Rxd5 16. Rxd5 Bxd5 17. Rd1 Rd8 18. Nd6 cxd6 19. Rxd5 Bf8 20. c4 Kf7
21. f3 Kg8 22. e4 f4 23. Bd1 g5 24. Rd2 Kg7 25. Bb2 Kg8 26. Bc3 a5 27. Rd5 Kg7
28. Bxa5 Nxa5 29. Rxa5 Rd7 30. Rd5 Kg8 31. a5 Rc7 32. Kf1 Rc5 33. Ke2 Kf7 34.
Kd3 Ke7 35. b4 Rxd5+ 36. exd5 Kd7 37. Ba4+ Kc7 38. Ke4 h6 39. Kf5 Kd8 40. Ke6
1-0